Value analysis and value engineering

Uloženo v:
Podrobná bibliografie
Hlavní autor: Oughton, Frederick
Médium: Kniha
Jazyk:Undetermined
Vydáno: London Sir Isaac Pitman and Sons Ltd. 1969
Témata:
Tagy: Přidat tag
Žádné tagy, Buďte první, kdo otaguje tento záznam!
Thư viện lưu trữ: Trung tâm Học liệu Trường Đại học Cần Thơ
LEADER 00486nam a2200169Ia 4500
001 CTU_79116
008 210402s9999 xx 000 0 und d
082 |a 658.5 
082 |b O.93 
100 |a Oughton, Frederick 
245 0 |a Value analysis and value engineering 
245 0 |c Frederick Oughton 
260 |a London 
260 |b Sir Isaac Pitman and Sons Ltd. 
260 |c 1969 
650 |a Value analysis (Cost control) 
980 |a Trung tâm Học liệu Trường Đại học Cần Thơ